01550nab a2200193 a 450000500170000000700030001700800410002004000250006104100080008610000350009424500930012926000810022230000170030352007030032077301670102394200400119095201090123099900170133920250115092933.0ta241018e2022 dr |||||r||||||0| |0spa d aDO-SdBNPcBNPHUerda hspa1 aStanley, Avelino,d1959-91536 aNadal Walcot : bse desgarró el alma y la plasmó en sus lienzos / cAvelino Stanley. aSanto Domingo, República Dominicana :bCentro Cultural BanReservas,c2022. apágina 35. aNada marca al ser humano más que su cultura. Ese sentimiento es la luz que les permite a las personas mostrar la esencia de su ser. Fue la cultura la que logró sacar de sus adentros el mundo de formas y de colores que Nadal Walcot plasmó con sus trazos en cada lienzo. Nadie como Nadal Walcot ha logrado hacer que corra como agua en cauce de río las vicisitudes de los hombres y mujeres de los cañaverales dominicanos. Fue él quien colocó el sufrimiento estibado en infinitos vagones encadenados que luego eran remolcados en unas locomotoras desgaritadas sobre rieles relucientes lanzado un humo tan contaminante hacia las alturas que molestaba la respiración hasta del mismo Dios. 0 dSanto Domingo, República Dominicana : Centro Cultural BanReservas, 2022. aStanley, AvelinotNadal Walcot : se desgarró el alma y la plasmó en sus lienzos. 2ddccISSUEhEdición 1. Enero 2022 00102ddc40708SEaBNPHUbBNPHUd2024-10-18hEdición 1. Enero 2022l0r2024-10-18w2024-10-18yISSUE c57911d57911